Recent advances in marine biotechnology

保存先:
書誌詳細
第一著者: Recent advances in marine biotechnology
フォーマット: 図書
言語:Undetermined
出版事項: Enfield, New Hampshire Science 2000
主題:
タグ: タグ追加
タグなし, このレコードへの初めてのタグを付けませんか!
Thư viện lưu trữ: Trung tâm Học liệu Trường Đại học Cần Thơ
LEADER 00583nam a2200169Ia 4500
001 CTU_48953
008 210402s9999 xx 000 0 und d
082 |a 578.77 
082 |b R294/Vol.5 
100 |a Recent advances in marine biotechnology 
245 0 |a Recent advances in marine biotechnology 
245 0 |c Recent advances in marine biotechnology, Rachakonda Nagabhushanam, MILTON FINGERMAN 
260 |a Enfield, New Hampshire 
260 |b Science 
260 |c 2000 
650 |a aquatic ecology,marine biotechnology 
980 |a Trung tâm Học liệu Trường Đại học Cần Thơ